[Event "24th Bosnjaci Open 2019"]
[Site "Bosnjaci"]
[Date "2019.01.06"]
[Round "5.18"]
[White "Samblic, Silvano"]
[Black "Tomljenovic, Mile"]
[Result "0-1"]
[WhiteElo "2047"]
[BlackElo "1794"]
[Annotator "NA"]
[PlyCount "86"]
[EventDate "2019.01.03"]
[EventType "swiss"]
[EventCountry "CRO"]
[SourceTitle "playchess.com"]
[Source "ChessBase"]
[SourceQuality "1"]
[TimeControl "5400+30"]

1. e4 {[%emt 0:00:30]} e5 {[%emt 0:00:30]} 2. Nf3 {[%emt 0:00:00]} Nc6 {[%emt 0:00:00]} 3. Bc4 {[%emt 0:00:00]} Bc5 {[%emt 0:01:00]} 4. c3 {[%emt 0:00:30]} Nf6 {[%emt 0:00:30]} 5. d3 {[%emt 0:00:30]} h6 {[%emt 0:00:30]} 6. Nbd2 {[%emt 0:00:30]} O-O {[%emt 0:01:30]} 7. b4 {[%emt 0:01:30]} Bb6 {[%emt 0:01:30]} 8. O-O {[%emt 0:07:30]} d5 {[%emt 0:05:30]} 9. Bb3 {[%emt 0:12:30]} d4 {[%emt 0:03:30]} 10. c4 {[%emt 0:07:30]} Nxb4 {[%emt 0:02:30]} 11. Nxe5 {[%emt 0:04:30]} Nd7 {[%emt 0:02:30]} 12. Ndf3 {[%emt 0:02:30]} Nxe5 {[%emt 0:01:30]} 13. Nxe5 {[%emt 0:00:30]} Qf6 {[%emt 0:00:30]} 14. f4 {[%emt 0:00:30]} c5 {[%emt 0:04:30]} 15. Ba4 {[%emt 0:08:30]} Bc7 {[%emt 0:04:30]} 16. a3 {[%emt 0:02:30]} Na6 {[%emt 0:01:30]} 17. Nd7 {[%emt 0:05:30]} Bxd7 {[%emt 0:00:30]} 18. Bxd7 {[%emt 0:00:00]} Rad8 {[%emt 0:05:30]} 19. Qg4 {[%emt 0:05:00]} h5 {[%emt 0:01:30]} 20. Qh3 {[%emt 0:00:30]} Nb8 {[%emt 0:00:30]} 21. e5 {[%emt 0:02:30]} Qe7 {[%emt 0:02:30]} 22. Bf5 {[%emt 0:00:00]} g6 {[%emt 0:00:30]} 23. Be4 {[%emt 0:05:00]} Ba5 {[%emt 0:01:30]} 24. f5 {[%emt 0:04:30]} Nc6 {[%emt 0:02:30]} 25. Bh6 {[%emt 0:01:30]} Nxe5 {[%emt 0:00:30]} 26. Bxf8 {[%emt 0:00:30]} Rxf8 {[%emt 0:00:30]} 27. fxg6 {[%emt 0:00:30]} fxg6 {[%emt 0:01:30]} 28. Rxf8+ {[%emt 0:01:30]} Kxf8 {[%emt 0:00:30]} 29. Rf1+ {[%emt 0:00:30]} Kg7 {[%emt 0:00:00]} 30. Rb1 {[%emt 0:02:30]} b6 {[%emt 0:00:00]} 31. Rf1 {[%emt 0:01:30]} Nxc4 {[%emt 0:00:30]} 32. Qg3 {[%emt 0:03:30]} Ne5 {[%emt 0:03:30]} 33. h3 {[%emt 0:02:52]} Bd2 {[%emt 0:01:30]} 34. Rf5 {[%emt 0:01:50]} Nxd3 {[%emt 0:06:30]} 35. Bxd3 {[%emt 0:00:58]} Qe3+ {[%emt 0:00:30]} 36. Qxe3 {[%emt 0:02:21]} Bxe3+ {[%emt 0:00:00]} 37. Kf1 {[%emt 0:00:05]} gxf5 {[%emt 0:00:00]} 38. Bxf5 {[%emt 0:00:08]} c4 {[%emt 0:00:30]} 39. Ke2 {[%emt 0:00:10]} Kf6 {[%emt 0:00:30]} 40. g4 {[%emt 0:00:20]} hxg4 {[%emt 0:00:30]} 41. hxg4 {[%emt 0:00:09]} Ke5 {[%emt 0:00:00]} 42. a4 {[%emt 0:00:11]} Kd5 {[%emt 0:00:00]} 43. Bd7 {[%emt 0:01:05]} Kc5 {[%emt 0:00:30]} 0-1

[Event "24th Bosnjaci Open 2019"]
[Site "Bosnjaci"]
[Date "2019.01.06"]
[Round "5.19"]
[White "Pejic, Ivo"]
[Black "Katic, Zeljko"]
[Result "0-1"]
[WhiteElo "1845"]
[BlackElo "2035"]
[Annotator "NA"]
[PlyCount "90"]
[EventDate "2019.01.03"]
[EventType "swiss"]
[EventCountry "CRO"]
[SourceTitle "playchess.com"]
[Source "ChessBase"]
[SourceQuality "1"]
[TimeControl "5400+30"]

1. e4 {[%emt 0:00:30]} d6 {[%emt 0:07:30]} 2. d4 {[%emt 0:01:30]} Nf6 {[%emt 0:00:30]} 3. Nc3 {[%emt 0:00:30]} g6 {[%emt 0:00:00]} 4. Bc4 {[%emt 0:02:30]} Bg7 {[%emt 0:00:00]} 5. Nf3 {[%emt 0:00:30]} O-O {[%emt 0:01:30]} 6. Be3 {[%emt 0:02:30]} Nxe4 {[%emt 0:10:30]} 7. Bxf7+ {[%emt 0:04:30]} Rxf7 {[%emt 0:03:30]} 8. Nxe4 {[%emt 0:00:30]} Bg4 {[%emt 0:02:30]} 9. Neg5 {[%emt 0:03:30]} Rf6 {[%emt 0:00:30]} 10. h3 {[%emt 0:00:30]} Bxf3 {[%emt 0:03:30]} 11. Nxf3 {[%emt 0:00:30]} Nd7 {[%emt 0:02:30]} 12. Qd3 {[%emt 0:01:30]} c6 {[%emt 0:00:30]} 13. c4 {[%emt 0:12:30]} e5 {[%emt 0:07:30]} 14. O-O {[%emt 0:09:30]} Qe7 {[%emt 0:05:30]} 15. Nd2 {[%emt 0:02:30]} Rf5 {[%emt 0:06:30]} 16. d5 {[%emt 0:06:30]} Re8 {[%emt 0:10:30]} 17. Ne4 {[%emt 0:04:30]} c5 {[%emt 0:01:30]} 18. Rab1 {[%emt 0:02:30]} Nf6 {[%emt 0:00:30]} 19. b4 {[%emt 0:01:30]} b6 {[%emt 0:02:30]} 20. bxc5 {[%emt 0:02:30]} bxc5 {[%emt 0:00:30]} 21. Rb3 {[%emt 0:00:30]} Nh5 {[%emt 0:01:30]} 22. Ng3 {[%emt 0:03:30]} Nxg3 {[%emt 0:02:30]} 23. fxg3 {[%emt 0:00:00]} e4 {[%emt 0:02:30]} 24. Qe2 {[%emt 0:03:00]} Rxf1+ {[%emt 0:02:30]} 25. Qxf1 {[%emt 0:01:30]} Rf8 {[%emt 0:00:30]} 26. Qb1 {[%emt 0:01:30]} Bd4 {[%emt 0:02:30]} 27. Kh2 {[%emt 0:01:30]} h5 {[%emt 0:03:30]} 28. h4 {[%emt 0:03:30]} Be5 {[%emt 0:00:00]} 29. Bg5 {[%emt 0:00:30]} Bf6 {[%emt 0:03:43]} 30. Rb7 {[%emt 0:02:30]} Qe5 {[%emt 0:01:07]} 31. Bf4 {[%emt 0:01:30]} Qd4 {[%emt 0:01:53]} 32. Bxd6 {[%emt 0:02:30]} Rf7 {[%emt 0:06:12]} 33. Rxf7 {[%emt 0:01:30]} Kxf7 {[%emt 0:00:01]} 34. Qb7+ {[%emt 0:00:30]} Kg8 {[%emt 0:04:41]} 35. Qc8+ {[%emt 0:00:30]} Kh7 {[%emt 0:00:22]} 36. Qxc5 {[%emt 0:00:30]} e3 {[%emt 0:01:01]} 37. Qxd4 {[%emt 0:04:31]} Bxd4 {[%emt 0:00:01]} 38. Bf4 {[%emt 0:00:15]} Kg7 {[%emt 0:00:26]} 39. Kh3 {[%emt 0:00:24]} Kf6 {[%emt 0:00:40]} 40. d6 {[%emt 0:00:02]} Ke6 {[%emt 0:00:15]} 41. g4 {[%emt 0:00:42]} e2 {[%emt 0:00:18]} 42. Bd2 {[%emt 0:04:40]} Bf2 {[%emt 0:00:02]} 43. c5 {[%emt 0:00:00]} e1=Q {[%emt 0:01:15]} 44. Bxe1 {[%emt 0:00:53]} Bxe1 {[%emt 0:00:01]} 45. g5 {[%emt 0:00:17]} Bb4 {[%emt 0:00:11]} 0-1

[Event "24th Bosnjaci Open 2019"]
[Site "Bosnjaci"]
[Date "2019.01.06"]
[Round "5.21"]
[White "Caric, Mato"]
[Black "Mesic, Ismet"]
[Result "1-0"]
[WhiteElo "2088"]
[BlackElo "1757"]
[Annotator "NA"]
[PlyCount "79"]
[EventDate "2019.01.03"]
[EventType "swiss"]
[EventCountry "CRO"]
[SourceTitle "playchess.com"]
[Source "ChessBase"]
[SourceQuality "1"]
[TimeControl "5400+30"]

1. e4 {[%emt 0:00:30]} c6 {[%emt 0:00:30]} 2. d4 {[%emt 0:00:00]} d5 {[%emt 0:00:30]} 3. e5 {[%emt 0:02:00]} c5 {[%emt 0:00:00]} 4. c3 {[%emt 0:03:30]} Nc6 {[%emt 0:00:00]} 5. Be3 {[%emt 0:03:30]} cxd4 {[%emt 0:06:30]} 6. cxd4 {[%emt 0:00:30]} Bf5 {[%emt 0:00:30]} 7. Bd3 {[%emt 0:00:30]} Bxd3 {[%emt 0:02:30]} 8. Qxd3 {[%emt 0:00:00]} e6 {[%emt 0:00:00]} 9. Ne2 {[%emt 0:15:00]} Nge7 {[%emt 0:21:00]} 10. f4 {[%emt 0:01:30]} Nf5 {[%emt 0:00:30]} 11. Bf2 {[%emt 0:00:30]} Be7 {[%emt 0:01:30]} 12. a3 {[%emt 0:07:30]} O-O {[%emt 0:03:30]} 13. Nd2 {[%emt 0:03:30]} Rc8 {[%emt 0:03:30]} 14. g4 {[%emt 0:06:30]} Nh6 {[%emt 0:01:30]} 15. h3 {[%emt 0:13:30]} Na5 {[%emt 0:02:30]} 16. O-O {[%emt 0:01:30]} Qb6 {[%emt 0:02:30]} 17. b4 {[%emt 0:01:30]} Nc4 {[%emt 0:01:30]} 18. Rfc1 {[%emt 0:05:30]} Qc6 {[%emt 0:19:30]} 19. Nc3 {[%emt 0:08:30]} b5 {[%emt 0:00:30]} 20. Nb3 {[%emt 0:01:30]} a6 {[%emt 0:01:30]} 21. f5 {[%emt 0:03:30]} Qb6 {[%emt 0:10:30]} 22. Nc5 {[%emt 0:04:43]} Bxc5 {[%emt 0:04:28]} 23. bxc5 {[%emt 0:00:12]} Qc6 {[%emt 0:00:22]} 24. Bh4 {[%emt 0:03:48]} Kh8 {[%emt 0:07:48]} 25. f6 {[%emt 0:02:38]} g6 {[%emt 0:01:05]} 26. Bg5 {[%emt 0:00:54]} Ng8 {[%emt 0:00:02]} 27. Rc2 {[%emt 0:00:13]} Rc7 {[%emt 0:01:00]} 28. h4 {[%emt 0:01:22]} a5 {[%emt 0:02:23]} 29. h5 {[%emt 0:02:01]} h6 {[%emt 0:01:55]} 30. hxg6 {[%emt 0:02:08]} fxg6 {[%emt 0:00:40]} 31. Qxg6 {[%emt 0:02:50]} Rh7 {[%emt 0:01:21]} 32. Bf4 {[%emt 0:01:18]} Rff7 {[%emt 0:00:45]} 33. Rh2 {[%emt 0:00:39]} b4 {[%emt 0:01:31]} 34. axb4 {[%emt 0:00:21]} axb4 {[%emt 0:00:02]} 35. Ne2 {[%emt 0:00:20]} Qb7 {[%emt 0:00:17]} 36. Kf2 {[%emt 0:00:33]} b3 {[%emt 0:00:38]} 37. Bxh6 {[%emt 0:01:13]} Nxh6 {[%emt 0:00:50]} 38. Rxh6 {[%emt 0:00:13]} Rxh6 {[%emt 0:00:56]} 39. Qxh6+ {[%emt 0:00:11]} Kg8 {[%emt 0:00:03]} 40. Rh1 {[%emt 0:00:58]} 1-0

[Event "24th Bosnjaci Open 2019"]
[Site "Bosnjaci"]
[Date "2019.01.06"]
[Round "5.22"]
[White "Pleh, Semir"]
[Black "Brkic, Zdenko"]
[Result "1-0"]
[WhiteElo "1767"]
[BlackElo "2072"]
[Annotator "NA"]
[PlyCount "95"]
[EventDate "2019.01.03"]
[EventType "swiss"]
[EventCountry "CRO"]
[SourceTitle "playchess.com"]
[Source "ChessBase"]
[SourceQuality "1"]
[TimeControl "5400+30"]

1. c4 {[%emt 0:00:30]} e6 {[%emt 0:00:30]} 2. Nf3 {[%emt 0:00:00]} c5 {[%emt 0:00:30]} 3. d4 {[%emt 0:00:00]} cxd4 {[%emt 0:00:30]} 4. Nxd4 {[%emt 0:00:30]} Nf6 {[%emt 0:00:00]} 5. g3 {[%emt 0:00:00]} Nc6 {[%emt 0:00:00]} 6. e3 {[%emt 0:02:00]} Be7 {[%emt 0:00:30]} 7. Bg2 {[%emt 0:00:30]} O-O {[%emt 0:00:30]} 8. O-O {[%emt 0:00:00]} d5 {[%emt 0:02:30]} 9. Nc3 {[%emt 0:01:00]} e5 {[%emt 0:05:30]} 10. Nxc6 {[%emt 0:07:30]} bxc6 {[%emt 0:00:30]} 11. cxd5 {[%emt 0:00:00]} Ba6 {[%emt 0:02:30]} 12. Re1 {[%emt 0:07:00]} cxd5 {[%emt 0:02:30]} 13. Nxd5 {[%emt 0:00:30]} Nxd5 {[%emt 0:00:30]} 14. Bxd5 {[%emt 0:00:30]} Rb8 {[%emt 0:02:30]} 15. e4 {[%emt 0:00:30]} Bc5 {[%emt 0:03:30]} 16. Rb1 {[%emt 0:03:30]} Qb6 {[%emt 0:04:30]} 17. Be3 {[%emt 0:05:30]} Bd4 {[%emt 0:04:30]} 18. b3 {[%emt 0:03:30]} Qb4 {[%emt 0:01:30]} 19. Bxd4 {[%emt 0:02:30]} exd4 {[%emt 0:00:00]} 20. a4 {[%emt 0:00:30]} d3 {[%emt 0:00:00]} 21. Re3 {[%emt 0:00:30]} Rbc8 {[%emt 0:01:30]} 22. Rxd3 {[%emt 0:03:30]} Bxd3 {[%emt 0:03:30]} 23. Qxd3 {[%emt 0:00:30]} Rc3 {[%emt 0:01:30]} 24. Qa6 {[%emt 0:00:30]} Qd4 {[%emt 0:00:30]} 25. Rf1 {[%emt 0:00:30]} g6 {[%emt 0:01:30]} 26. Qb7 {[%emt 0:00:00]} Kg7 {[%emt 0:00:30]} 27. Qe7 {[%emt 0:00:00]} h5 {[%emt 0:01:30]} 28. Kg2 {[%emt 0:03:30]} a5 {[%emt 0:05:30]} 29. h4 {[%emt 0:04:30]} Rc2 {[%emt 0:01:30]} 30. Qb7 {[%emt 0:02:30]} Qd2 {[%emt 0:14:30]} 31. Qe7 {[%emt 0:00:00]} Qd4 {[%emt 0:01:30]} 32. Qb7 {[%emt 0:00:00]} Qe5 {[%emt 0:01:30]} 33. Qa7 {[%emt 0:00:30]} g5 {[%emt 0:00:00]} 34. hxg5 {[%emt 0:01:30]} Qxg5 {[%emt 0:00:00]} 35. Rh1 {[%emt 0:00:30]} Qe5 {[%emt 0:08:30]} 36. Rh4 {[%emt 0:02:30]} Kg6 {[%emt 0:09:30]} 37. Rf4 {[%emt 0:08:30]} Qc7 {[%emt 0:00:30]} 38. Qd4 {[%emt 0:02:30]} Qc3 {[%emt 0:04:30]} 39. Qb6+ {[%emt 0:00:30]} Kg7 {[%emt 0:00:57]} 40. Bc4 {[%emt 0:01:30]} Qe5 {[%emt 0:00:32]} 41. Qa7 {[%emt 0:00:30]} Kh8 {[%emt 0:01:01]} 42. Bd5 {[%emt 0:06:30]} f5 {[%emt 0:01:43]} 43. Qb6 {[%emt 0:02:30]} Kg7 {[%emt 0:00:06]} 44. Qb7+ {[%emt 0:00:30]} Kh8 {[%emt 0:00:01]} 45. Qb5 {[%emt 0:04:30]} Kg7 {[%emt 0:00:13]} 46. Qd7+ {[%emt 0:03:30]} Kh8 {[%emt 0:00:32]} 47. Bc4 {[%emt 0:01:30]} Rf6 {[%emt 0:04:05]} 48. exf5 {[%emt 0:04:36]} 1-0

[Event "24th Bosnjaci Open 2019"]
[Site "Bosnjaci"]
[Date "2019.01.06"]
[Round "5.23"]
[White "Kovac, Petar"]
[Black "Lesic, Krunoslav"]
[Result "1/2-1/2"]
[WhiteElo "1747"]
[BlackElo "2067"]
[Annotator "NA"]
[PlyCount "90"]
[EventDate "2019.01.03"]
[EventType "swiss"]
[EventCountry "CRO"]
[SourceTitle "playchess.com"]
[Source "ChessBase"]
[SourceQuality "1"]
[TimeControl "5400+30"]

1. d4 {[%emt 0:00:30]} Nf6 {[%emt 0:06:30]} 2. c4 {[%emt 0:00:00]} e6 {[%emt 0:00:30]} 3. Nf3 {[%emt 0:00:00]} d5 {[%emt 0:00:30]} 4. g3 {[%emt 0:00:30]} Be7 {[%emt 0:01:30]} 5. Bg2 {[%emt 0:00:00]} O-O {[%emt 0:00:30]} 6. O-O {[%emt 0:00:00]} Nbd7 {[%emt 0:01:30]} 7. Qc2 {[%emt 0:01:30]} c6 {[%emt 0:07:30]} 8. Bf4 {[%emt 0:05:30]} Nh5 {[%emt 0:03:30]} 9. Nbd2 {[%emt 0:05:30]} Nxf4 {[%emt 0:00:30]} 10. gxf4 {[%emt 0:00:00]} c5 {[%emt 0:03:30]} 11. cxd5 {[%emt 0:07:00]} exd5 {[%emt 0:00:30]} 12. dxc5 {[%emt 0:01:30]} Nxc5 {[%emt 0:00:30]} 13. Rfd1 {[%emt 0:09:30]} Qb6 {[%emt 0:03:30]} 14. Rac1 {[%emt 0:04:30]} g6 {[%emt 0:02:30]} 15. Nd4 {[%emt 0:06:30]} Rd8 {[%emt 0:03:30]} 16. h3 {[%emt 0:09:30]} Bd7 {[%emt 0:12:30]} 17. e3 {[%emt 0:10:30]} Rac8 {[%emt 0:03:30]} 18. Qb1 {[%emt 0:01:30]} Bf6 {[%emt 0:04:30]} 19. N2f3 {[%emt 0:04:30]} Na4 {[%emt 0:07:30]} 20. Rd2 {[%emt 0:02:30]} Rxc1+ {[%emt 0:00:30]} 21. Qxc1 {[%emt 0:00:30]} Rc8 {[%emt 0:00:00]} 22. Qb1 {[%emt 0:00:30]} Nc3 {[%emt 0:01:00]} 23. Qa1 {[%emt 0:02:30]} Ne4 {[%emt 0:04:30]} 24. Rd1 {[%emt 0:01:30]} Qa5 {[%emt 0:03:30]} 25. Nb3 {[%emt 0:02:30]} Qb4 {[%emt 0:01:30]} 26. Nbd4 {[%emt 0:01:30]} a5 {[%emt 0:03:30]} 27. Rc1 {[%emt 0:03:30]} Rc5 {[%emt 0:02:30]} 28. a3 {[%emt 0:00:49]} Qb6 {[%emt 0:00:30]} 29. Qb1 {[%emt 0:02:39]} Qc7 {[%emt 0:03:18]} 30. Rxc5 {[%emt 0:01:04]} Qxc5 {[%emt 0:00:02]} 31. Qd1 {[%emt 0:00:57]} a4 {[%emt 0:02:11]} 32. Qe1 {[%emt 0:01:44]} b5 {[%emt 0:01:08]} 33. Ne5 {[%emt 0:02:18]} Bc8 {[%emt 0:04:44]} 34. Bf1 {[%emt 0:01:23]} Bh4 {[%emt 0:00:29]} 35. Nd3 {[%emt 0:01:40]} Qe7 {[%emt 0:02:59]} 36. Qc1 {[%emt 0:02:25]} Bd7 {[%emt 0:01:13]} 37. Qc2 {[%emt 0:01:59]} g5 {[%emt 0:01:47]} 38. Nf3 {[%emt 0:01:33]} gxf4 {[%emt 0:00:48]} 39. Nxh4 {[%emt 0:00:20]} Qxh4 {[%emt 0:00:17]} 40. Nxf4 {[%emt 0:00:13]} Ng5 {[%emt 0:00:44]} 41. Qe2 {[%emt 0:02:24]} Bf5 {[%emt 0:02:12]} 42. Nxd5 {[%emt 0:02:09]} Kg7 {[%emt 0:03:26]} 43. Bg2 {[%emt 0:02:31]} Bxh3 {[%emt 0:02:14]} 44. f4 {[%emt 0:01:02]} Bxg2 {[%emt 0:01:03]} 45. Qxg2 {[%emt 0:00:13]} Qe1+ {[%emt 0:00:19]} 1/2-1/2

[Event "24th Bosnjaci Open 2019"]
[Site "Bosnjaci"]
[Date "2019.01.06"]
[Round "5.24"]
[White "Lombarovic, Marko"]
[Black "Duda, Daniel"]
[Result "0-1"]
[WhiteElo "1764"]
[BlackElo "1991"]
[Annotator "NA"]
[PlyCount "40"]
[EventDate "2019.01.03"]
[EventType "swiss"]
[EventCountry "CRO"]
[SourceTitle "playchess.com"]
[Source "ChessBase"]
[SourceQuality "1"]
[TimeControl "5400+30"]

1. e4 {[%emt 0:00:30]} c5 {[%emt 0:00:30]} 2. Nf3 {[%emt 0:00:30]} g6 {[%emt 0:00:00]} 3. c3 {[%emt 0:00:00]} Bg7 {[%emt 0:00:00]} 4. d4 {[%emt 0:00:00]} cxd4 {[%emt 0:00:00]} 5. cxd4 {[%emt 0:00:00]} d5 {[%emt 0:00:00]} 6. Bb5+ {[%emt 0:00:00]} Bd7 {[%emt 0:05:30]} 7. Bxd7+ {[%emt 0:03:30]} Qxd7 {[%emt 0:03:30]} 8. exd5 {[%emt 0:01:30]} Nf6 {[%emt 0:02:30]} 9. Ne5 {[%emt 0:00:30]} Qxd5 {[%emt 0:00:30]} 10. O-O {[%emt 0:00:30]} Nc6 {[%emt 0:03:30]} 11. Nxc6 {[%emt 0:03:30]} Qxc6 {[%emt 0:02:30]} 12. Nc3 {[%emt 0:00:30]} Rd8 {[%emt 0:08:30]} 13. Be3 {[%emt 0:01:30]} O-O {[%emt 0:06:30]} 14. Rc1 {[%emt 0:00:30]} e5 {[%emt 0:05:30]} 15. Ne2 {[%emt 0:00:30]} Qe4 {[%emt 0:00:30]} 16. Qa4 {[%emt 0:00:30]} exd4 {[%emt 0:01:30]} 17. Nxd4 {[%emt 0:01:30]} Ng4 {[%emt 0:00:30]} 18. Kh1 {[%emt 0:13:30]} Bxd4 {[%emt 0:00:30]} 19. Rc4 {[%emt 0:00:30]} Nxe3 {[%emt 0:00:30]} 20. fxe3 {[%emt 0:00:00]} Qxe3 {[%emt 0:00:30]} 0-1

[Event "24th Bosnjaci Open 2019"]
[Site "Bosnjaci"]
[Date "2019.01.06"]
[Round "6.1"]
[White "Fercec, Nenad"]
[Black "Zaja, Ivan"]
[Result "1/2-1/2"]
[WhiteElo "2451"]
[BlackElo "2458"]
[Annotator "TA"]
[PlyCount "62"]
[EventDate "2019.01.03"]
[EventType "swiss"]
[EventCountry "CRO"]
[SourceTitle "playchess.com"]
[Source "ChessBase"]
[SourceQuality "1"]

{[%evp 20,62,14,19,9,4,10,1,4,1,20,18,29,0,19,0,14,0,0,-3,-3,-11,0,0,0,0,0,0,15,0,0,-20,50,-10,43,34,34,0,45,34,34,37,46,44,44]} 1. e4 e5 2. Nf3 Nc6 3. Bb5 a6 4. Ba4 Nf6 5. d3 b5 6. Bb3 Be7 7. a4 b4 {C77: Ruy Lopez: 3...a6 4 Ba4 Nf6, unusual lines} 8. a5 O-O 9. Nbd2 d6 10. h3 Be6 11. O-O {LiveBook: 7 Games} Bxb3 12. Nxb3 Qb8 $146 ({Predecessor:} 12... d5 13. Qe2 h6 14. Rd1 Re8 15. Nh4 Bf8 16. Nf5 Ne7 {1-0 (43) Areshchenko,A (2670)-Brunello,S (2476) Rijeka 2010}) 13. Re1 Qb5 14. d4 Rfe8 15. Qd3 Rab8 16. Bd2 Bf8 (16... h6 {seems wilder.} 17. Rac1 Bf8 18. Rcd1 Nd7 19. Rc1 Nf6) 17. Bg5 (17. dxe5 {is interesting.} dxe5 18. Bg5 Be7 19. Red1 g6 20. g4) 17... Nd7 18. Qxb5 Rxb5 19. d5 Ne7 20. Nfd2 f6 21. Be3 f5 {[#] And now ...f4 would win.} 22. f3 Nf6 23. Bf2 g6 24. Nc4 Bh6 25. Nc1 Rd8 (25... Bxc1 $11 26. Raxc1 g5) 26. b3 (26. Nd3 $14) 26... c6 (26... Bxc1 $11 27. Rexc1 (27. Raxc1 g5 $11) 27... g5) 27. dxc6 Nxc6 28. Nd3 Kf7 29. Bb6 {White is slightly better.} Rd7 30. Rad1 fxe4 31. fxe4 Ke6 {Accuracy: White = 47%, Black = 44%.} 1/2-1/2

[Event "24th Bosnjaci Open 2019"]
[Site "Bosnjaci"]
[Date "2019.01.06"]
[Round "6.2"]
[White "Ivekovic, Bozidar"]
[Black "Sale, Srdjan"]
[Result "0-1"]
[WhiteElo "2398"]
[BlackElo "2446"]
[Annotator "TA"]
[PlyCount "102"]
[EventDate "2019.01.03"]
[EventType "swiss"]
[EventCountry "CRO"]
[SourceTitle "playchess.com"]
[Source "ChessBase"]
[SourceQuality "1"]

{[%evp 17,102,27,24,-24,-18,-8,-14,-23,-10,-37,-23,-69,-45,-67,-65,-85,-44,-113,-114,-115,-110,-122,-117,-123,-106,-125,-120,-126,-126,-133,-126,-126,-126,-158,-158,-155,-152,-147,-136,-150,-134,-205,-178,-164,-179,-166,-174,-175,-170,-285,-177,-170,-177,-206,-189,-191,-185,-181,-158,-169,-139,-158,-130,-130,-143,-130,-130,-124,-114,-176,-174,-1084,-1056,-1866,-1803,-1303,0,-5381,-5406,-29979,-29980,-29984,-29985,-29987,-29988,-29989,-29974]} 1. d4 Nf6 2. c4 g6 3. g3 Bg7 4. Bg2 O-O 5. Nc3 d6 {[%cal Bd7d6,Bd6d5,Bd5c4][%mdl 32]} 6. Nf3 c6 7. O-O Bf5 8. Nh4 Be6 9. b3 d5 {LiveBook: 23 Games. E62: King's Indian: Fianchetto: 6...c6 and Panno Variation (6...Nc6) without ...a6} 10. Na4 $146 ({Predecessor:} 10. cxd5 cxd5 11. Nf3 Nc6 12. Bb2 Bf5 13. Rc1 Ne4 14. e3 Nxc3 15. Bxc3 Be4 16. Qe2 Rc8 17. Bh3 Bxf3 18. Qxf3 {½-½ (54) Cheparinov,I (2710)-Rakhmanov,A (2653) Riadh 2017}) 10... dxc4 11. Nc5 Qc8 {The position is equal.} 12. Nxe6 Qxe6 13. Bb2 Rd8 14. e4 c3 15. Bxc3 Nxe4 16. Bb2 {With the idea Re1.} Nd6 17. Re1 ({White should play} 17. d5 $15 cxd5 18. Re1 (18. Bxd5 Qd7 $15)) 17... Qd7 $1 $17 18. Qe2 e6 19. Nf3 Qc7 20. Ne5 Nd7 21. Rac1 Nf6 22. h4 Nf5 23. Rcd1 Re8 24. Qc4 Rad8 25. Qc5 Nd7 26. Qc1 Nxe5 27. dxe5 Rxd1 28. Qxd1 Rd8 29. Qc1 (29. Qc2 $17) 29... Qa5 30. Qc3 Qb6 31. Ba3 Bf8 32. Bxf8 Kxf8 33. g4 (33. b4 $142) 33... Qd4 34. Qxd4 Nxd4 $19 {[%mdl 4096] Endgame KRB-KRN} 35. f4 Nc2 36. Re2 Rd1+ 37. Kf2 Nd4 38. Rb2 a5 {[%cal Ba7a5,Ba5a4][%mdl 32]} 39. Ke3 h5 40. gxh5 gxh5 41. Be4 b6 42. b4 a4 $1 43. Rd2 {[#]} (43. Bd3 $17 {might work better.} a3 44. Rb1 Rxb1 45. Bxb1) 43... Nf5+ $1 44. Bxf5 $2 (44. Ke2 Rc1 45. Bxf5 exf5 46. Rd6) 44... Rxd2 45. Kxd2 exf5 {KP-KP} 46. b5 c5 $2 (46... Ke7 $19 47. bxc6 Kd8) 47. Kc3 $2 {[%mdl 8192]} (47. Kc2 $11) 47... Ke7 48. Kb2 {[#]} Ke6 $1 {[%cal Re6d5] Black mates.} 49. Ka3 Kd5 50. Kxa4 Kc4 51. a3 Kd4 {Accuracy: White = 32%, Black = 76%.} ({And not} 51... Kc3 52. e6 $11) 0-1

[Event "24th Bosnjaci Open 2019"]
[Site "Bosnjaci"]
[Date "2019.01.06"]
[Round "6.3"]
[White "Kovacevic, Blazimir"]
[Black "Bobanac, Miro"]
[Result "0-1"]
[WhiteElo "2488"]
[BlackElo "2308"]
[Annotator "TA"]
[PlyCount "98"]
[EventDate "2019.01.03"]
[EventType "swiss"]
[EventCountry "CRO"]
[SourceTitle "playchess.com"]
[Source "ChessBase"]
[SourceQuality "1"]

{[%evp 22,98,56,52,54,52,80,58,58,68,81,73,82,37,37,37,50,50,38,39,44,37,52,30,37,28,28,28,28,22,30,19,36,0,19,19,22,0,0,0,12,0,1,0,0,0,0,0,0,0,0,0,0,-138,-136,-139,-129,-199,-156,-221,-233,-455,-456,-405,-384,-416,-414,-383,-370,-350,-221,-2210,-477,-512,-473,-29975,-29976,-29975,-29976]} 1. Nf3 c5 2. c4 Nc6 3. d4 cxd4 4. Nxd4 Nf6 5. Nc3 g6 6. e4 Bg7 7. Be3 O-O 8. Be2 d6 9. O-O Nxd4 10. Bxd4 Bd7 11. Qd2 Bc6 12. f3 {LiveBook: 1636 Games} Ne8 {B38: Sicilian: Maroczy Bind with 5...Bg7 and 7...0-0} (12... a5 13. b3 Nd7 14. Be3 Nc5 15. Rab1 Qb6 16. Rfc1 Rfc8 17. Bf1 Qb4 18. Qb2 Qb6 19. Kh1 Qd8 20. Qd2 e6 21. Bg5 Qf8 22. Rd1 h6 23. Be3 Rd8 24. a3 Nd7 25. b4 axb4 26. axb4 {0-1 (41) Wang,H (2690)-Bu,X (2713) China 2017}) 13. b4 b6 14. Rfd1 $146 ({Predecessor:} 14. Rad1 f5 15. c5 bxc5 16. bxc5 dxc5 17. Bc4+ Kh8 18. Bxg7+ Nxg7 19. Qe3 Qa5 20. exf5 Rxf5 21. Rd3 {½-½ (99) Kakabayaev,M (2272)-Vakhidov,J (2535) Dushanbe 2015}) 14... Bxd4+ {White is slightly better.} 15. Qxd4 e5 16. Qe3 Qe7 17. Nd5 Bxd5 18. cxd5 Ng7 19. Rac1 f5 20. Rc6 Rf7 21. Rdc1 Raf8 22. Rc8 Qh4 23. g3 Qf6 24. Rxf8+ Rxf8 25. Rc7 Rf7 26. Rc8+ Rf8 27. Qc1 h5 28. Rxf8+ Kxf8 29. Qc7 {Threatens to win with Qb8+.} Qe7 30. Qc8+ Qe8 31. Qc7 Qe7 $36 {[%mdl 2048] White is under pressure.} 32. Qb8+ Kf7 33. Bb5 h4 34. gxh4 fxe4 35. fxe4 Nh5 36. Be2 Nf4 37. Bf3 (37. Bf1 $11 {remains equal.}) 37... Qxh4 $17 {[%cal Rh4e1]} 38. Qc7+ {[#]} Kg8 $1 {[%cal Rh4e1]} ({But not} 38... Qe7 $6 39. Qxe7+ Kxe7 40. a3 $11) 39. Qc8+ (39. Kf1 $17) 39... Kh7 {[%cal Rh4e1]} 40. Qc7+ (40. Qc3 $17 {was called for.}) 40... Kh6 $19 {[%cal Rh4e1]} 41. Qc1 $2 (41. Qc3) 41... Qg5+ 42. Kf1 Nd3 43. Qc8 {[%cal Rc8h8] [#]} Qc1+ $1 44. Qxc1+ Nxc1 {KB-KN} 45. a3 Nb3 46. h4 $2 (46. Kf2 Kg5 47. Kg3) 46... g5 (46... Nd2+ $142 47. Ke2 Nxf3 48. Kxf3 Kh5) 47. hxg5+ Kxg5 48. Ke2 (48. Bg2 $19 Nd4 49. Ke1) 48... Nd4+ 49. Ke3 Nxf3 {Accuracy: White = 25%, Black = 62%.} 0-1